| 000 | 00457nam a22001817a 4500 | ||
|---|---|---|---|
| 003 | OSt | ||
| 005 | 20260316112621.0 | ||
| 008 | 260316b |||||||| |||| 00| 0 eng d | ||
| 020 | _a9789371267892 | ||
| 082 |
_a343.54 _bBHAI |
||
| 100 | _aBhargava, U.K. | ||
| 245 | _aIncome Tax Act 2025 | ||
| 260 |
_aNew Delhi _bTaxmann Pub. Pvt. LTD _c2025 |
||
| 300 | _a1115p | ||
| 546 | _aEnglish | ||
| 650 | _aMilitary, tax, trade, & industrial Law | ||
| 942 |
_2ddc _cBK |
||
| 999 |
_c3966 _d3966 |
||